Normale Ansicht
MARC-Ansicht
Eintrag Personenname
001 - Kontrollnummer
- Kontrollfeld: 21898
003 - Kontrollnummer Identifier
- Kontrollfeld: RU-10907106
005 - Datum und Zeit der letzten Transaktion
- Kontrollfeld: 20230324161456.0
008 - Datenelemente mit fester Länge
- Kontrollfeld mit fester Länge: 230324|| aca||aabn | a|a d
040 ## - Katalogisierungsquelle
- Original-Katalogisierungsstelle: RU-10907106
- Übertragungsstelle: RU-10907106
100 ## - Ansetzung - Personenname
- Personenname: Noble, Samuel
670 ## - Datenquelle
- Quellenangabe: Work cat.: (RU-10907106)62070: Feodorov, Ioana. 21896, Arabic Christianity Between the Ottoman Levant and Eastern Europe.